000 00787nam a2200253Ia 4500
003 OSt
005 20220928113718.0
006 a|||||r|||| 00| 0
007 ta
008 220927b |||||||| |||| 00| 0 eng d
024 _a47053
037 _cTextual
040 _aSDCL
_cSDCL
_beng
041 _2eng
_aeng
082 _aY58.72'N9, N0
100 _aBreton Raymond
_9434652
245 0 _aEthnic identity and equality
_b varieties of experience in a Canadian city.
260 _aLondon
_bUniversity of Toronto Press
_c1990
300 _avii,342p.
_ccm.
700 _a Isajiw Wsevolod W
_9434653
700 _a Kalbach Warren G
_9434654
942 _hY58.72'N9, N0
_cTEXL
_2CC
999 _c750952
_d750952